[Event "NED-ch U20 op"]
[Site "Borne"]
[Date "2013.08.10"]
[Round "9"]
[White "Mestrom, Wolf"]
[Black "Smink, Dion"]
[Result "1-0"]
[WhiteElo "1669"]
[BlackElo "1255"]
[PlyCount "64"]
[EventDate "2013.08.05"]
[EventType "swiss"]
[EventRounds "9"]
[EventCountry "NED"]
[SourceTitle "EXT 2015"]
[Source "ChessBase"]
[SourceDate "2014.11.20"]
[SourceVersion "1"]
[SourceVersionDate "2014.11.20"]
[SourceQuality "1"]

1. Nf3 c5 2. c4 Nc6 3. e3 d6 4. b3 e6 5. Bb2 Nf6 6. d4 cxd4 7. exd4 Be7 8. Be2 0-0 9. 0-0 d5 10. Ne5 Nxe5 11. dxe5 Nd7 12. cxd5 exd5 13. Qxd5 Nb6 14. Qd2 Be6 15. Rd1 f6 16. exf6 Qxd2 17. Nxd2 Bxf6 18. Bxf6 Rxf6 19. Ne4 Rff8 20. Rac1 Rfd8 21. Nd6 Bd5 22. Nf5 Re8 23. Bb5 Red8 24. Rc7 Be4 25. Rxd8+ Rxd8 26. Ne3 Rd2 27. Bc4+ Bd5 28. Bxd5+ Nxd5 29. Rd7 Nxe3 30. Rxd2 Nf5 31. Rd8+ Kf7 32. Rd7+ Ke6 1-0